[Event "Oregon Open"]
[Site "?"]
[Date "1976.09.04"]
[Round "2"]
[White "Bailey, B."]
[Black "McFarland, J."]
[Result "0-1"]
[WhiteElo "1805"]
[BlackElo "2014"]
[Annotator "Stockfish 12 (15s)"]
[PlyCount "119"]

{C18: French: 3 Nc3 Bb4: Main line: 7 h4 and 7 Qg4} 1. e4 e6 2. d4 d5 3. Nc3
Bb4 4. e5 c5 5. a3 Bxc3+ 6. bxc3 Ne7 7. Bg5 Qa5 8. Bd2 Nbc6 (8... Bd7 9. c4 Qc7
10. cxd5 Nxd5 11. c3 Nc6 12. Nf3 O-O 13. Bb5 Nxd4 14. cxd4 Bxb5 15. dxc5 Qxc5
16. Ng5 Qd4 17. Nf3 Qe4+ 18. Be3 Nxe3 19. Qb1 Nxg2+ 20. Kd1 Qe2+ {
0-1 (20) Rivas,E (1764)-Johnson,D (1588) Edmonton 2005}) 9. Nf3 Bd7 $146 (9...
cxd4 10. cxd4 Qa4 11. c4 (11. c3 Qxd1+ 12. Rxd1 Na5 13. Rb1 Bd7 14. a4 b6 15.
c4 Nxc4 16. Bxc4 dxc4 17. Rb4 Rc8 18. Bc3 Nd5 19. Kd2 Nxb4 20. Bxb4 a5 21. Bc3
Bxa4 22. Rb1 Bb3 23. Kc1 O-O 24. Kb2 Ra8 25. Nd2 a4 {
Derien,R (1740)-Pierrugues,L (1850) France 1999 1-0 (54)}) 11... Qxd1+ 12. Rxd1
Bd7 13. cxd5 Nxd5 14. Bd3 O-O 15. O-O Rfc8 16. Rb1 Rc7 17. Rfc1 Rac8 18. h3
Nce7 19. Rxc7 Rxc7 20. g4 b6 21. Rc1 Rxc1+ 22. Bxc1 Ba4 23. Kg2 Nc6 24. Kg3 {
Lundberg,R-Kretz,J (2230) Vaxjo 1992 0-1 (50)}) (9... Qa4 10. Qb1 cxd4 11. Bb5
Qa5 12. cxd4 Qc7 13. Bd3 Nf5 14. Bxf5 exf5 15. c3 Be6 16. Qc1 Na5 17. Qc2 Nc4
18. Bf4 O-O 19. Nd2 Rac8 20. O-O Qa5 21. Nxc4 Rxc4 22. Bd2 Rfc8 23. Qb2 R8c6
24. Ra2 {Braun,C-Gridin,M Bergneustadt 1999 0-1 (46)}) 10. c4 (10. Rb1 Qc7 $11)
10... Qc7 (10... Qa4 11. c3 Qxd1+ 12. Rxd1 dxc4 13. Bxc4 cxd4 14. cxd4 $15) 11.
cxd5 $11 Nxd5 12. c4 (12. c3 $5 $11) 12... Nde7 $15 13. Bc3 $2 (13. dxc5 $142
$5 Nxe5 14. Bc3 Nxf3+ 15. Qxf3 $15) 13... cxd4 $17 14. Bxd4 Ng6 (14... Nxd4 15.
Qxd4 Bc6 16. Be2 $19) 15. Be2 (15. Bc3 $5 Ngxe5 16. Be2 $17) 15... Qa5+ $19 16.
Qd2 Qxd2+ 17. Kxd2 Nxd4 18. Nxd4 Nxe5 19. Rab1 Nc6 20. Nb5 O-O (20... Ke7 $5
21. c5 $19) 21. c5 Na5 22. Nd6 Rfd8 (22... Bc6 $142 23. Rhc1 Rfd8 $17 (23...
Bxg2 $6 24. f3 $11)) 23. Kc3 $4 (23. Bf3 $142 Rab8 24. Bxb7 $11) 23... Bc6 $19
24. f3 (24. Rhd1 Bxg2 25. f3 Rab8 $19) 24... b6 $1 25. Kb4 (25. cxb6 Rxd6 {
Deflection}) 25... Bd5 26. Ne4 (26. cxb6 axb6 27. Nb5 $19) 26... Nc6+ 27. Kc3
f5 (27... Ne5 28. Rhd1 Bxe4 29. fxe4 Rxd1 30. Rxd1 $19) 28. Ng3 (28. Nd6 Rd7
$19) 28... bxc5 29. Rb5 (29. Nh5 Rab8 30. Nf4 Rb6 $19) 29... Rab8 (29... f4 30.
Rxc5 fxg3 31. hxg3 $19) 30. Rd1 (30. Rhb1 Rxb5 31. Rxb5 f4 32. Rxc5 fxg3 33.
hxg3 Kf7 $19) 30... Rxb5 31. Bxb5 Nd4 32. Bc4 Kf7 33. Rb1 Rd7 34. Rb8 Nc6 (
34... f4 35. Ne4 Bxe4 36. fxe4 $19) 35. Rc8 (35. Rh8 Ne5 36. Bb5 Rb7 37. Be8+
Ke7 $19) 35... Ne5 (35... Ne7 $142 36. Rh8 Bxc4 37. Kxc4 Rd2 $19) 36. Bb5 Rb7
37. Rxc5 Nd7 38. Bxd7 Rxd7 39. Ra5 (39. Nf1 Kf6 40. Ne3 Bb7 $19) 39... g5 40.
Ne2 (40. Nf1 f4 41. Nd2 Kf6 $19) 40... h5 {Black plans g4} 41. Nd4 (41. h4 gxh4
42. Nf4 Kf6 $19) 41... g4 42. fxg4 (42. h3 gxf3 43. gxf3 h4 $19) 42... hxg4 43.
g3 (43. h3 Bxg2 44. hxg4 fxg4 $19) 43... Kf6 44. Rb5 (44. Ne2 Rh7 $19) 44... e5
45. Nc2 (45. Ne2 Rc7+ 46. Kb2 Bf3 $19) 45... Be4 46. Nb4 (46. Ne1 Rc7+ 47. Kb4
Rh7 $19) 46... Rh7 47. Nd3 (47. Rb8 Rxh2 48. Rf8+ Ke6 $19) 47... Bxd3 48. Kxd3
Rxh2 49. Ra5 Rh3 (49... Rg2 $142 $19) 50. Rxa7 Rxg3+ 51. Ke2 Kg5 52. a4 Kf4 53.
a5 Ra3 54. a6 e4 55. Ra8 Ra2+ 56. Kd1 g3 57. a7 g2 58. Rg8 Kf3 59. a8=Q Rxa8
60. Rg3+ (60. Rxa8 g1=Q+ 61. Kc2 f4 62. Rc8 e3 63. Rc3 Qb1+ 64. Kxb1 Kf2 65.
Rc1 e2 66. Kc2 e1=Q 67. Rxe1 Kxe1 68. Kc1 f3 69. Kb2 f2 70. Kb3 f1=Q 71. Kc3
Qf5 72. Kc4 Kd1 73. Kb4 Qe5 74. Kb3 Qd4 75. Ka2 Kc2 76. Ka3 Qe4 77. Ka2 Qa8#)
0-1

[Event "Oregon Open"]
[Site "?"]
[Date "1976.09.05"]
[Round "3"]
[White "Hash, B."]
[Black "Bailey, B."]
[Result "0-1"]
[WhiteElo "1474"]
[BlackElo "1805"]
[Annotator "Stockfish 12 (20s)"]
[PlyCount "84"]

{C69: Ruy Lopez: Exchange Variation with 5 0-0 f6} 1. e4 e5 2. Nf3 Nc6 3. Bb5
a6 4. Bxc6 dxc6 5. d3 f6 6. O-O Bg4 7. Nbd2 Bc5 (7... Qd7 8. Nc4 (8. Re1 O-O-O
9. Nf1 g5 10. b3 h5 11. Qe2 Ne7 12. Qe3 Kb8 13. Bb2 Ng6 14. d4 Bb4 15. Red1 Qe7
16. dxe5 Rxd1 17. Rxd1 Nxe5 18. Bxe5 fxe5 19. h3 Bc5 20. Qd3 Bxf3 21. gxf3 g4
22. fxg4 hxg4 {Pavkovic,M (2200)-Sutkovic,D (2311) Omis 2006 0-1}) 8... Be6 9.
Qe2 Bc5 10. Rd1 O-O-O 11. Be3 Bxe3 12. Nxe3 Nh6 13. d4 exd4 14. Nxd4 Qe8 15. f3
c5 16. Nxe6 Qxe6 17. Qc4 Qxc4 18. Nxc4 Rd4 19. Ne3 Rhd8 20. Kf2 b5 21. Ke2 c6
22. c3 {Antonio,R (2535)-Zaw,W (2531) Kuala Lumpur 2001 1-0 (76)}) 8. Qe1 $146
(8. Nc4 Ne7 9. Ne3 Bh5 10. Qe1 Qd7 11. Nh4 O-O-O 12. Nhf5 Nxf5 13. Nxf5 Bg6 14.
Be3 Bf8 15. Ng3 h5 16. b4 h4 17. Ne2 Bh5 18. Nc1 h3 19. f4 hxg2 20. Rf2 Qh3 21.
Rxg2 Bf3 22. Rf2 Qg3+ {Baragano Campa,J-Van Run,R (2142) Aviles 2003 0-1 (37)})
(8. Re1 Qe7 9. Nf1 O-O-O 10. Be3 Nh6 11. Qe2 Nf7 12. h3 Be6 13. Bxc5 Qxc5 14.
Rec1 g5 15. Qe3 Qxe3 16. Nxe3 h5 17. Kh2 g4 18. Ng1 gxh3 19. Nxh3 Rdg8 20. Rf1
Nh6 21. Rae1 Rh7 22. f4 Bxh3 {
Neumann,H (2200)-Grosse Honebrink,B (1841) Willemstad 2001 1-0 (61)}) 8... Qd7
9. Kh1 (9. h3 Be6 $11) 9... O-O-O (9... Ne7 10. Nb3 Bd6 11. Nfd2 $15) 10. Ng1 (
10. Rb1 Ba7 11. b4 Ne7 $11) 10... h5 (10... Be7 11. Nc4 $15) 11. Nb3 $15 Bb6
12. Be3 (12. f4 exf4 13. Bxf4 Be6 $15) 12... g5 (12... Bxe3 13. Qxe3 b6 14. Nd2
$15) 13. a4 $15 Be6 (13... Qd6 14. Qc3 Bxe3 15. fxe3 $11) 14. Ra3 (14. Nc5 $5
Bxc5 15. Bxc5 $11) 14... Qd6 (14... Nh6 15. f3 $15) 15. a5 (15. Qc3 Bxb3 16.
Rxb3 Bxe3 17. fxe3 Nh6 $15) 15... Bd4 (15... Bxe3 16. Qxe3 Kb8 17. f3 $17) 16.
Bxd4 (16. Nxd4 $142 $5 exd4 17. Bd2 $11) 16... exd4 $17 17. Nf3 (17. f4 Nh6 18.
c3 dxc3 19. Qxc3 Qxd3 20. Qxd3 Rxd3 21. Nc5 Rxa3 22. bxa3 $17) 17... Bxb3 (
17... c5 $142 $5 18. c3 Bxb3 19. Rxb3 Qe6 $19) 18. Rxb3 $15 c5 19. Nd2 Nh6 (
19... Qd7 20. Nc4 $15) 20. f4 $11 Ng4 21. Nc4 {White plans e5} Qe7 22. fxg5
fxg5 23. h3 Nh6 24. e5 Rdf8 25. Rxf8+ Qxf8 (25... Rxf8 $4 26. Qe4 Kd8 27. Rxb7
Rf1+ 28. Kh2 $18) 26. c3 $4 (26. e6 $142 Qf5 27. e7 $11) 26... Qf4 $17 27. g3
$4 (27. Qe4 $142 Qxe4 28. dxe4 $19) 27... Qf3+ $19 28. Kh2 (28. Kg1 g4 29. hxg4
Qxd3 30. Nd2 Nxg4 31. c4 $19) 28... Qxd3 29. Nd2 (29. Nd6+ cxd6 30. Kg1 Nf5 $19
) 29... Qe3 30. Qxe3 dxe3 31. Nf3 Rf8 32. Kg2 e2 33. Ne1 Rf1 34. Nc2 Rc1 35.
Ne1 Rxe1 36. Kf2 Rh1 37. Kxe2 Rxh3 38. e6 Rxg3 39. Rxb7 (39. e7 Kd7 40. Rxb7
$19) 39... Kxb7 40. Kf2 Nf5 41. e7 Nxe7 (41... Re3 42. e8=Q Rxe8 43. Kf3 c4 44.
Kg2 g4 45. Kf2 Re5 46. b3 cxb3 47. c4 b2 48. c5 b1=Q 49. c6+ Kxc6 50. Kg2 Re2#)
42. Kxg3 Kc6 (42... Kc6 43. b3 g4 44. b4 Nf5+ 45. Kf4 c4 46. Ke4 h4 47. b5+
Kxb5 48. Kxf5 g3 49. Ke4 g2 50. Kf5 g1=Q 51. Ke4 h3 52. Kf5 h2 53. Ke4 h1=Q+
54. Kf4 Qh6+ 55. Kf5 Qge3 56. Kg4 Qhg5#) (42... c4 43. Kf3 g4+ 44. Ke2 Nf5 45.
Kf2 Kc6 46. Ke2 h4 47. b3 cxb3 48. Kd3 h3 49. c4 h2 50. Ke4 h1=Q+ 51. Kxf5 b2
52. c5 b1=Q+ 53. Kf4 Qf3+ 54. Kg5 Qff5+ 55. Kh6 Qg6#) 0-1

[Event "Oregon Open"]
[Site "?"]
[Date "1976.09.05"]
[Round "4"]
[White "Richardson, L."]
[Black "Bailey, B."]
[Result "0-1"]
[WhiteElo "1558"]
[BlackElo "1805"]
[Annotator "Stockfish 12 (20s)"]
[PlyCount "66"]

{A18: English Opening: Flohr-Mikenas System (1 c4 Nf6 2 Nc3 e6 3 e4)} 1. c4 Nf6
2. Nc3 e6 3. e4 d5 4. e5 Ne4 5. cxd5 Nxc3 6. bxc3 (6. dxc3 exd5 7. Bd3 c5 8. f4
Nc6 9. Nf3 f5 10. Be3 Be7 11. Qd2 Be6 12. Qf2 b6 13. O-O O-O 14. a3 a5 15. Rad1
Qc7 16. h4 Rad8 17. Kh2 Qc8 18. a4 Rd7 19. Bb5 Rc7 20. Ng5 Bxg5 {
Ruckschloss,K (2385)-Vaisser,A (2485) Trnava 1983 1-0 (53)}) 6... Qxd5 7. Nf3
Nd7 $146 (7... c5 8. d4 (8. Bb5+ Bd7 9. Bxd7+ Nxd7 10. O-O Be7 11. d4 cxd4 12.
cxd4 O-O 13. Qe2 h6 14. Rb1 Nb6 15. Be3 Rfc8 16. Rfc1 Ba3 17. Rxc8+ Rxc8 18.
Rb3 Bf8 19. h3 Rc4 20. Nh4 Qe4 21. Qd3 Qxd3 22. Rxd3 Nd5 {
Braunberger,F-Trabattoni,F (2295) Lombardia 1989 0-1 (40)}) 8... Nc6 (8... cxd4
9. cxd4 Bb4+ 10. Bd2 Bxd2+ 11. Qxd2 O-O 12. Bd3 Nc6 13. O-O Rd8 14. Rfd1 Bd7
15. Rab1 Be8 16. Qf4 Rac8 17. Be4 Qxa2 18. Rxb7 Qa4 19. Rdb1 Nxd4 20. Qh4 Nf5
21. Qf4 Bc6 22. Re1 Bxb7 {0-1 (22) Katz,M-Klingenberg,H Germany 1994}) 9. Bd3
cxd4 10. cxd4 Bd7 11. Qb3 Bb4+ 12. Bd2 Bxd2+ 13. Kxd2 Qa5+ 14. Ke2 Nxd4+ 15.
Nxd4 Qxe5+ 16. Kf1 Qxd4 17. Rd1 Qa4 18. Ke2 Qxb3 19. axb3 Bc6 20. Ra1 Ke7 21.
b4 a6 22. Ra5 {Kazak,A (1900)-Romsdal,T (2164) Arta 2004 0-1}) (7... Be7 8. d4
c5 9. Bd3 cxd4 10. cxd4 $11) 8. Qe2 (8. d4 $5 Nb6 9. a4 $16) 8... c5 (8... b6
$5 $15) 9. g3 $11 Be7 (9... b5 $142 10. Bg2 Rb8 $11) 10. d3 $4 (10. Bg2 $142
$14) 10... Nxe5 $1 $19 11. Bg2 $2 (11. Qxe5 Qxf3 {Overloading Deflection}) (11.
Nxe5 Qxh1 {Deflection Pinning}) 11... Nxd3+ 12. Kf1 Nxc1 (12... Qc4 13. Be3 $19
) 13. Rxc1 Qd6 14. Rd1 (14. Ne5 O-O $19) 14... Qc7 15. Ne5 (15. Kg1 O-O $19)
15... O-O 16. Be4 (16. f4 Rb8 $19) 16... Bf6 (16... Qxe5 $4 17. Bxh7+ Kxh7 18.
Qxe5 $18) 17. Ng4 (17. Nf3 Bxc3 18. g4 Kh8 $19) 17... Bxc3 18. Qc2 Bd4 (18...
f5 $142 19. Qxc3 fxe4 20. Kg2 $19) 19. Rxd4 $4 (19. Bxh7+ Kh8 20. Rxd4 $19)
19... f5 20. Nh6+ (20. Bg2 fxg4 21. Be4 g6 $19) 20... gxh6 21. Bxf5 (21. Bf3
Bd7 22. Rb4 $19) 21... Rxf5 22. h4 (22. Rf4 $19) 22... Qxg3 (22... Bd7 $142 23.
Rg4+ Kf7 $19) 23. Rd8+ $18 Kf7 24. Qxf5+ exf5 25. fxg3 b6 26. Rh2 (26. Kf2 $142
Kg6 27. Re1 $18) 26... Ba6+ $19 27. Kg1 Rxd8 28. Rf2 Rd1+ 29. Kh2 Rf1 (29... c4
30. g4 c3 $19) 30. Rd2 Ke6 31. h5 Re1 (31... Bb7 32. Re2+ Kf6 33. Kh3 Rh1+ 34.
Rh2 Rxh2+ 35. Kxh2 c4 36. a3 c3 37. g4 f4 38. a4 c2 39. g5+ Kxg5 40. Kg1 c1=Q+
41. Kf2 Qe3+ 42. Kf1 f3 43. a5 Ba6#) 32. Kh3 Bf1+ 33. Kh2 Re2+ (33... Re2+ 34.
Rxe2+ Bxe2 35. Kg2 Kd5 36. Kf2 Bxh5 37. Ke3 c4 38. a3 Ke5 39. a4 a5 40. g4 fxg4
41. Kd2 Kd4 42. Kc1 c3 43. Kb1 g3 44. Ka1 g2 45. Kb1 g1=Q+ 46. Ka2 Bf7+ 47. Ka3
Qc1#) 0-1

[Event "Oregon Open"]
[Site "?"]
[Date "1976.09.06"]
[Round "5"]
[White "Bailey, B."]
[Black "Tangborn, E."]
[Result "1/2-1/2"]
[WhiteElo "1805"]
[BlackElo "2035"]
[Annotator "Stockfish 12 (20s)"]
[PlyCount "52"]

{B08: Pirc Defence: Classical System} 1. e4 g6 2. d4 Bg7 3. Nc3 c6 4. a4 d6 5.
Nf3 Nf6 6. Be2 O-O 7. O-O Qc7 8. Bd2 $146 (8. b3 Bg4 9. h3 Bxf3 10. Bxf3 Nbd7
11. Be3 e5 12. Qd2 Rfe8 13. Rad1 Nf8 14. d5 cxd5 15. Nb5 Qe7 16. exd5 a6 17.
Na3 N6d7 18. a5 f5 19. Rfe1 e4 20. Be2 Ne5 21. c4 Nfd7 22. b4 Rac8 {
Ciric,D-Milic,B Belgrade 1964 1-0 (41)}) (8. e5 dxe5 9. Nxe5 Nfd7 (9... Be6 10.
Bf4 Qb6 11. a5 Qd8 12. Re1 Nd5 13. Nxd5 cxd5 14. c3 Nc6 15. Nxc6 bxc6 16. Ba6
Bc8 17. Bd3 Re8 18. Bg3 f6 19. f4 Bd7 20. b4 Qc8 21. Qc2 Bf5 22. Bxf5 Qxf5 23.
Qxf5 gxf5 24. Re6 {Muratov,V-Gufeld,E Soviet Union 1967 1-0 (50)}) 10. Nxd7
Nxd7 11. Be3 Nf6 12. Qd2 Rd8 13. Bd3 Ng4 14. Bf4 e5 15. dxe5 Bxe5 16. Bg3 Bxg3
17. fxg3 Bf5 18. Rae1 Ne5 19. Rxf5 gxf5 20. Qg5+ Ng6 21. Qxf5 Qd7 22. Qg5 Re8 {
Wessman,R (2505)-Hansen,C (2570) Helsingborg 1990 0-1 (40)}) (8. Re1 a5 9. h3
e5 10. Be3 Nbd7 11. dxe5 Nxe5 12. Qd2 Be6 13. Rad1 Rfd8 14. Ng5 Qe7 15. Nxe6
fxe6 16. Bb6 Rd7 17. Qe3 Nf7 18. f4 e5 19. Bc4 Bh6 20. g3 Nh5 21. Ne2 Re8 22.
Qf2 Qf6 {Zyla,J (2240)-Siwiec,B Bielsko Biala 1991 1-0 (36)}) (8. Nd2 e5 9.
dxe5 dxe5 10. Nc4 Rd8 11. Qe1 Na6 12. Be3 Ng4 13. Bg5 f6 14. Bd2 Be6 15. Qc1 f5
16. exf5 gxf5 17. h3 Nf6 18. Re1 Nc5 19. Bh6 f4 20. Bxg7 Kxg7 21. Bf1 Bxc4 22.
Bxc4 Rd4 {Tatai,S-Evans,L Venice 1967 0-1 (36)}) (8. h3 Nbd7 $14) 8... a5 (8...
e5 9. dxe5 dxe5 10. h3 $14) 9. Qc1 (9. Be3 Ng4 10. Bg5 e5 $14) 9... Na6 (9...
e5 10. dxe5 dxe5 11. h3 $14) 10. Bh6 (10. h3 Nb4 $16) 10... Nb4 (10... Bg4 11.
Bxa6 Rxa6 12. Ne1 $11) 11. Bxg7 Kxg7 12. Ne1 (12. h3 e5 $11) 12... e5 $11 13.
Qe3 Qe7 14. Rc1 (14. dxe5 dxe5 15. Nb1 Be6 $11) 14... Re8 (14... exd4 15. Qxd4
c5 16. Qe3 $15) 15. f3 Nd7 (15... d5 16. dxe5 Qxe5 17. Qf2 $15) 16. Nd3 (16.
Rd1 Nf6 17. Bc4 d5 18. exd5 Nbxd5 19. Bxd5 Nxd5 20. Nxd5 cxd5 21. Qxe5+ Qxe5
22. dxe5 Rxe5 $11) 16... Qf6 $11 17. dxe5 dxe5 18. Nd1 Qe7 19. Nxb4 axb4 20. b3
Nc5 21. Bc4 Be6 22. Nb2 Rad8 23. Rcd1 f6 24. Qe2 Qc7 25. Kh1 Qe7 26. Bxe6 Nxe6
1/2-1/2

[Event "Oregon Open"]
[Site "?"]
[Date "1976.09.06"]
[Round "6"]
[White "Brandenburg, J."]
[Black "Bailey, B."]
[Result "1/2-1/2"]
[WhiteElo "2009"]
[BlackElo "1805"]
[Annotator "Stockfish 12 (20s)"]
[PlyCount "72"]

{C33: King's Gambit Accepted: 3 Nc3 and 3 Bc4} 1. e4 e5 2. f4 exf4 3. Bc4 Qh4+
4. Kf1 d6 5. d4 Be6 6. d5 (6. Qd3 Nf6 7. Nf3 Qg4 8. Nc3 Be7 9. h3 Qg6 10. Bxf4
O-O 11. Re1 Nh5 12. Bh2 Ng3+ 13. Bxg3 Qxg3 14. Ne2 Qg6 15. Nf4 Qh6 16. g3 Nd7
17. Kg2 Nb6 18. Bxe6 fxe6 19. Rhf1 c5 20. d5 Rxf4 {
Ivanchuk,V (2716)-Nikolic,P (2648) Antalya 2004 1-0}) 6... Bg4 7. Qd4 $2 $146 (
7. Qd3 Nd7 8. Bb5 O-O-O 9. Bxd7+ Bxd7 10. Nf3 Qf6 11. Nc3 Re8 12. a4 g5 13. Nd4
Bg7 14. Ndb5 a6 15. Qc4 axb5 16. axb5 Kd8 17. b6 cxb6 18. Nb5 Bxb5 19. Qxb5 Ke7
20. Qxb6 Kf8 21. Bd2 Ne7 {Kopal,J-Dolezal,R (2235) Klatovy 1994 0-1 (42)}) (7.
Nf3 Qh5 8. Bxf4 Nd7 9. Nbd2 O-O-O 10. a4 f5 11. exf5 Qxf5 12. Be3 Nc5 13. h3
Bxf3 14. gxf3 Nf6 15. Bf2 Be7 16. b4 Nce4 17. Nxe4 Nxe4 18. fxe4 Qxe4 19. Qg4+
{1-0 (19) Kuehlmeyer,K-Wohlschlegel,A Baunatal 1996}) (7. Qd2 $5 g5 8. Qc3 $15)
7... Qf6 (7... Be7 8. Bb5+ Nd7 9. Bxf4 $19) 8. Qf2 g5 9. Bd2 (9. h4 h6 10. Bd2
Qxb2 $19) 9... Qxb2 (9... Bg7 $5 10. Nc3 Nd7 11. h3 $19) 10. Bc3 Qc1+ 11. Qe1
Qxe1+ (11... Qxc2 $4 12. Na3 Qxc3 13. Qxc3 $18) 12. Kxe1 f6 13. h4 Bg7 14. hxg5
Kf7 $4 (14... h6 $142 15. Rh4 fxg5 16. Bxg7 Rh7 17. Rxg4 Rxg7 $19) 15. Rh4 $11
h5 16. gxh6 Nxh6 17. Nd2 (17. Be2 $142 $5 Bxe2 18. Nxe2 $11) 17... Nd7 $17 18.
Be2 Bxe2 (18... f5 19. Bxg7 Kxg7 $19) 19. Kxe2 (19. Nxe2 Rae8 20. Nxf4 Nc5 $11)
19... f5 (19... Nf5 20. Rxf4 Ne7 21. Raf1 $11) 20. Bxg7 $11 Kxg7 21. Rxf4 fxe4
22. Nxe4 Nb6 23. Nc3 Rae8+ 24. Kf2 (24. Kd2 $5 $11) 24... Rhf8 $17 25. Rxf8
Rxf8+ (25... Kxf8 $6 26. Nge2 $15) 26. Nf3 Rf5 (26... Rf4 27. Ke3 Rg4 28. Rb1
$17) 27. Nb5 (27. Rb1 Ng4+ 28. Ke2 Nf6 $11) 27... Rxd5 (27... Rf7 $5 28. Rb1
Nxd5 29. Nxa7 b6 $15) 28. Nxc7 $11 Ra5 29. Ne8+ Kf8 30. Nxd6 Rc5 31. Ne1 Rc7
32. Rb1 Ng4+ 33. Kg3 Ne5 (33... Ne3 34. Nb5 Rf7 35. Nd3 $11) 34. Nb5 (34. Rb3
Rg7+ 35. Kf4 Ng6+ 36. Kf3 Rd7 $11) 34... Rg7+ $11 35. Kf4 Nc6 36. g4 Nd5+
1/2-1/2

[Event "Christmas Open"]
[Site "?"]
[Date "1976.12.27"]
[Round "1"]
[White "Bailey, B."]
[Black "Gregg, B."]
[Result "1-0"]
[WhiteElo "2029"]
[BlackElo "1870"]
[Annotator "Stockfish 13 (15s)"]
[PlyCount "47"]

{C10: French with 3 Nc3: Unusual Black 3rd moves and 3...dxe4} 1. e4 e6 2. d4
d5 3. Nd2 dxe4 4. Nxe4 Nd7 5. Nf3 Ngf6 6. Nxf6+ Nxf6 7. Bc4 Bd7 $146 (7... Be7
8. Qe2 (8. c3 O-O 9. Bf4 a6 10. Qe2 b5 11. Bb3 Bb7 12. a4 Bd5 13. Bxd5 Nxd5 14.
Bg3 Bd6 15. Ne5 Bxe5 16. Bxe5 Qd7 17. axb5 axb5 18. O-O Qc6 19. h4 f6 20. Bg3
g6 21. Rfe1 Kf7 22. h5 Ra6 {
Fusi,C (2250)-Stranz,R (2257) Austria 1999 1/2-1/2 (43)}) 8... O-O 9. Bg5 c5
10. O-O-O Qa5 11. Kb1 b5 12. Bxb5 Rb8 13. Bc4 cxd4 14. Bb3 Rd8 15. Bf4 Ba6 16.
Qe5 Rb5 17. Qc7 Nd5 18. Qxa5 Rxa5 19. Bd2 Rc5 20. Nxd4 Bf6 21. Bc1 h6 22. Rhe1
{Matanovic,A (2515)-Purevzhav,S Tel Aviv 1964 1-0 (40)}) (7... a6 8. O-O Be7 9.
Ne5 c5 10. Be3 cxd4 11. Qxd4 Qxd4 12. Bxd4 b5 13. Bb3 Bb7 14. a4 O-O 15. Rfd1
Rfd8 16. Bb6 Rxd1+ 17. Rxd1 Nd5 18. Bxd5 Bxd5 19. b3 b4 20. Ng4 Rc8 21. Ne3 Be4
22. h4 {Mestrovic,Z (2470)-Malakhov,V (2535) Tucepi 1996 0-1 (33)}) (7... h6 8.
Qe2 Be7 9. Bf4 O-O 10. O-O-O Nd5 11. Bd2 a6 12. h4 b5 13. Bd3 Qd6 14. Ne5 Bb7
15. Bxh6 gxh6 16. Qg4+ Kh8 17. Qh5 Kg7 18. Rh3 Nf4 19. Qg4+ Bg5 20. hxg5 Nxh3
21. gxh3 Qe7 22. gxh6+ {Goichberg,W-Potter,R Atlanta 1967 1-0}) (7... c5 8. Be3
cxd4 9. Bxd4 Be7 10. Qe2 Qa5+ 11. Bc3 Bb4 12. Bxb4 Qxb4+ 13. c3 Qc5 14. O-O O-O
15. Rad1 b6 16. Rd4 Bb7 17. Rfd1 Rac8 18. Ne5 Rc7 19. Bd3 Qe7 20. Bb1 g6 21.
Qd2 Kg7 22. c4 {German,E-Sarapu,O (2340) Skopje 1972 1-0 (69)}) (7... a6 8. a4
$14) 8. O-O $14 Bd6 9. Ne5 Qe7 (9... c5 10. Bf4 Bc6 11. Qe2 $16) 10. Qf3 (10.
Re1 O-O-O 11. c3 Nd5 $16) 10... c6 $2 (10... Bxe5 $142 $5 11. dxe5 Nd5 $14) 11.
Bg5 $18 h6 12. Bh4 g5 (12... O-O-O 13. c3 $18) 13. Bg3 h5 $2 (13... Rf8 14. c3
$18) 14. Rfe1 (14. Ng6 $142 $1 fxg6 15. Bxd6 Qxd6 16. Qxf6 Rg8 17. Qxg5 Qe7 $18
) 14... g4 (14... h4 15. Ng6 $1 hxg3 16. Nxe7 gxf2+ 17. Kxf2 Kxe7 $18) 15. Qe3
(15. Qb3 $5 h4 16. Nxd7 hxg3 17. Bxe6 gxf2+ 18. Kxf2 fxe6 19. Rxe6 Nxd7 20.
Rxe7+ Kxe7 21. Re1+ Kd8 22. Qxb7 Rf8+ 23. Ke2 Rc8 24. Qxa7 Rb8 $18) 15... h4 (
15... Nd5 $142 $5 16. Bxd5 cxd5 $16) 16. Bf4 $18 O-O-O 17. Bg5 Rdg8 18. Qf4
Bxe5 $2 (18... Rxg5 $142 19. Qxg5 Rh5 $18) 19. Qxe5 (19. Rxe5 $6 Nh5 20. Bxe7
Nxf4 $16) 19... Rxg5 20. Qxg5 h3 21. Re3 (21. g3 $142 $5 Rg8 22. Qf4 Ne8 $18)
21... hxg2 22. Rae1 Rh5 (22... a6 23. Qf4 $18) 23. Qf4 Rf5 (23... Qd8 24. Re5
Rh4 $18) 24. Qxf5 $3 1-0

[Event "Christmas Open"]
[Site "?"]
[Date "1976.12.27"]
[Round "2"]
[White "Thomas, J."]
[Black "Bailey, B."]
[Result "1/2-1/2"]
[WhiteElo "1861"]
[BlackElo "2029"]
[Annotator "Stockfish 13 (15s)"]
[PlyCount "73"]

{A30: Symmetrical English: Double Fianchetto and Hedgehog} 1. Nf3 Nf6 2. c4 e6
3. b3 c5 4. Bb2 Nc6 5. Nc3 Be7 (5... g6 6. Ne4 Bg7 7. Nd6+ Ke7 8. Ne4 e5 9.
Nxe5 Nxe5 10. Bxe5 Nh5 11. Bxg7 Nxg7 12. Nxc5 b6 13. Na4 Bb7 14. Nc3 Re8 15. d4
Kf8 16. d5 Qf6 17. Rc1 a6 18. a4 d6 19. e3 Nf5 20. Qf3 {
Weber,M (1871)-Moravek,K (1500) Frankfurt 2004 1-0 (49)}) 6. g3 d5 7. cxd5 exd5
8. d4 $146 (8. d3 Qa5 9. Nd2 d4 10. Ncb1 h5 11. h3 h4 12. g4 Nd5 13. Bg2 Be6
14. Na3 O-O 15. Nac4 Qc7 16. Nf3 Nf4 17. Bf1 Bd5 18. Bc1 Bxf3 19. Bxf4 Qxf4 20.
exf3 Bd8 21. Be2 b5 22. Na3 a6 {
Davcevski,D (2310)-Milovanovic,R (2450) Tivat 1995 0-1 (34)}) 8... Qa5 (8...
Bg4 9. Bg2 Bxf3 10. exf3 (10. Bxf3 $2 cxd4 11. Na4 Ne4 $19) 10... Nxd4 11. f4
$11) 9. Qd2 (9. Bg2 Ne4 10. Rc1 O-O $11) 9... cxd4 10. Nxd4 O-O 11. Nxc6 bxc6
12. Bg2 Ba6 13. O-O Rfe8 (13... Rad8 14. Rfd1 d4 15. Na4 $11) 14. a3 (14. Rfd1
Rad8 15. e3 Bc8 $14) 14... Bd6 (14... Qb6 15. b4 $11) 15. b4 $14 Qd8 16. Rfe1 (
16. Rfd1 Be5 $14) 16... Rc8 (16... Bc4 17. e4 a5 18. Nxd5 cxd5 19. e5 axb4 20.
axb4 Rxa1 21. Bxa1 Bxb4 22. Qxb4 $11) 17. Rad1 (17. e4 d4 18. Na4 Bb5 19. Qxd4
Bxa4 $16) 17... Be5 $14 18. e3 Nd7 19. f4 (19. Qc2 h6 $14) 19... Bf6 20. Bh3 (
20. e4 Nb6 21. Ba1 Qc7 $11) 20... Rc7 (20... Rb8 21. Na4 Bxb2 22. Nxb2 $11) 21.
e4 Nb6 22. e5 (22. exd5 $2 Nc4 23. Rxe8+ Qxe8 $19) 22... Nc4 23. Qc1 Nxb2 24.
Qxb2 Be7 25. Ne4 Qb8 26. Nd6 Rd8 27. Nf5 Bc8 28. Nxe7+ Rxe7 29. Bxc8 Rxc8 30.
Kg2 a5 31. b5 Rb7 32. e6 Rxb5 33. exf7+ Kxf7 34. Re7+ $4 (34. Qc3 $142 $11)
34... Kxe7 $19 35. Qxg7+ Kd6 36. Qe5+ Kc5 37. Qd4+ 1/2-1/2